The portable Walt Whitman / (Record no. 988)
[ view plain ]
| 000 -LEADER | |
|---|---|
| fixed length control field | 00916cam a2200277 i 4500 |
| 005 - DATE AND TIME OF LATEST TRANSACTION | |
| control field | 20260322212042.0 |
| 008 - FIXED-LENGTH DATA ELEMENTS--GENERAL INFORMATION | |
| fixed length control field | data |
| 010 ## - LIBRARY OF CONGRESS CONTROL NUMBER | |
| LC control number | 77004655 |
| 020 ## - INTERNATIONAL STANDARD BOOK NUMBER | |
| International Standard Book Number | 0140150781 |
| 020 ## - INTERNATIONAL STANDARD BOOK NUMBER | |
| International Standard Book Number | 9780140150780 |
| 040 ## - CATALOGING SOURCE | |
| Original cataloging agency | DLC |
| Transcribing agency | DLC |
| Modifying agency | DLC |
| 050 10 - LIBRARY OF CONGRESS CALL NUMBER | |
| Classification number | PS3203 |
| Item number | .V3 1979 |
| 082 00 - DEWEY DECIMAL CLASSIFICATION NUMBER | |
| Classification number | 811/.3 |
| 092 ## - LOCALLY ASSIGNED DEWEY CALL NUMBER (OCLC) | |
| Classification number | 811 V3 1979 |
| 001 - CONTROL NUMBER | |
| control field | data |
| 100 1# - MAIN ENTRY--PERSONAL NAME | |
| Personal name | Whitman, Walt, |
| Dates associated with a name | 1819-1892. |
| 240 10 - UNIFORM TITLE | |
| Uniform title | Selections. |
| Language of a work | 1979 |
| 245 14 - TITLE STATEMENT | |
| Title | The portable Walt Whitman / |
| Statement of responsibility, etc. | Walt Whitman, Mark Van Doren & Malcolm Cowley. |
| 250 ## - EDITION STATEMENT | |
| Edition statement | Rev. and enl. ed. |
| 260 ## - PUBLICATION, DISTRIBUTION, ETC. | |
| Place of publication, distribution, etc. | New York : |
| -- | New York : |
| Name of publisher, distributor, etc. | Penguin Books, |
| Date of publication, distribution, etc. | 1979, c1975. |
| 300 ## - PHYSICAL DESCRIPTION | |
| Extent | xxxvii, 648 p. ; |
| Dimensions | 18 cm. |
| 500 ## - GENERAL NOTE | |
| General note | Reprint of the rev. ed., 1974, published by Viking Press, New York, in series: Viking portable library. |
| 504 ## - BIBLIOGRAPHY, ETC. NOTE | |
| Bibliography, etc. note | "Bibliographical check list, by Gay Wilson Allen": p. 641-648. |
| 700 1# - ADDED ENTRY--PERSONAL NAME | |
| Personal name | Van Doren, Mark, |
| Dates associated with a name | 1894-1972. |
| 700 1# - ADDED ENTRY--PERSONAL NAME | |
| Personal name | Cowley, Malcolm, |
| Dates associated with a name | 1898-1989. |
| Withdrawn status | Lost status | Damaged status | Not for loan | Home library | Current library | Shelving location | Date acquired | Total checkouts | Full call number | Barcode | Date last seen | Price effective from | Koha item type |
|---|---|---|---|---|---|---|---|---|---|---|---|---|---|
| Troy | Troy | General stacks | 22/03/2026 | 811/.3 | BC0011021 | 22/03/2026 | 22/03/2026 | Books |